[Event "Wch Rapid"]
[Site "New York"]
[Date "2024.12.26"]
[Round "1"]
[White "Bortnyk, Olexandr"]
[Black "Ghosh, Diptayan"]
[Result "1-0"]
[WhiteElo "2642"]
[BlackElo "2455"]
[PlyCount "121"]
[EventDate "2024.12.26"]
[EventType "swiss (rapid)"]
[EventRounds "13"]
[EventCountry "USA"]
[SourceTitle "CB01_2025"]
[SourceDate "2025.01.01"]
[SourceVersion "1"]
[SourceVersionDate "2025.01.01"]
[SourceQuality "1"]

1. e4 c6 2. Nf3 d5 3. Nc3 dxe4 4. Nxe4 Nf6 5. Qe2 Na6 6. Nxf6+ gxf6 7. g3 Nb4 8. d3 Bg4 9. Bg2 Qd5 10. Kd1 Qd7 11. Bd2 e5 12. h3 Be6 13. a3 Na6 14. Kc1 0-0-0 15. Be3 Kb8 16. Nd2 Nc7 17. Ne4 f5 18. Nc3 Bg7 19. Re1 Rhe8 20. Qh5 h6 21. Qh4 Nd5 22. Bd2 e4 23. dxe4 Nxc3 24. Qf4+ Ka8 25. Bxc3 Bxc3 26. bxc3 fxe4 27. Rxe4 Qd5 28. Qe3 a6 29. Bf3 Qd7 30. Qxh6 Bd5 31. Rxe8 Rxe8 32. Qd2 Qxh3 33. Bxd5 cxd5 34. Kb2 Qe6 35. Rd1 Qb6+ 36. Ka2 Rc8 37. Rb1 Qc5 38. Rb3 Rc6 39. Kb2 Rf6 40. f4 Rg6 41. Qd4 Qc6 42. Qd3 Qc4 43. Qe3 Re6 44. Qd4 Rg6 45. Qh8+ Ka7 46. Rb4 Qc5 47. Qd4 b6 48. Qd3 Rc6 49. Rd4 Rd6 50. g4 a5 51. a4 Rd7 52. Qb5 Rd6 53. g5 Kb7 54. Qxc5 bxc5 55. Rd2 Kc6 56. Re2 Kd7 57. Re5 Rb6+ 58. Kc1 Kd6 59. Rf5 Rb7 60. Rf6+ Ke7 61. Ra6 1-0

[Event "Wch Rapid"]
[Site "New York"]
[Date "2024.12.26"]
[Round "4"]
[White "Ghosh, Diptayan"]
[Black "Van Foreest, Jorden"]
[Result "1-0"]
[WhiteElo "2455"]
[BlackElo "2651"]
[PlyCount "111"]
[EventDate "2024.12.26"]
[EventType "swiss (rapid)"]
[EventRounds "13"]
[EventCountry "USA"]
[SourceTitle "CB01_2025"]
[SourceDate "2025.01.01"]
[SourceVersion "1"]
[SourceVersionDate "2025.01.01"]
[SourceQuality "1"]

1. Nf3 Nf6 2. g3 g6 3. Bg2 Bg7 4. d4 0-0 5. 0-0 d6 6. Nc3 Nbd7 7. a4 a5 8. e4 e5 9. dxe5 dxe5 10. b3 b6 11. Re1 Bb7 12. Nd2 Re8 13. Nc4 Nc5 14. Ba3 Ne6 15. Nb5 Nd7 16. Qd2 Bf8 17. Bxf8 Ndxf8 18. Qxd8 Raxd8 19. Nxe5 c6 20. Na3 Nd4 21. Nec4 Ba6 22. Rac1 Nfe6 23. f4 g5 24. f5 Nc5 25. Kf2 b5 26. axb5 cxb5 27. Nxa5 b4 28. N3c4 g4 29. e5 Nxf5 30. Nc6 Rd7 31. Rcd1 Bxc4 32. bxc4 Kg7 33. Rxd7 Nxd7 34. Bd5 h5 35. e6 Nf6 36. exf7 Rxe1 37. Kxe1 h4 38. Kf2 hxg3+ 39. hxg3 Nd6 40. Nxb4 Nxf7 41. Nc6 Nd6 42. Ne5 Kh6 43. Ke3 Nxd5+ 44. cxd5 Kg5 45. c4 Nf5+ 46. Kf2 Nd6 47. Ke3 Nf5+ 48. Kd3 Nxg3 49. c5 Kf5 50. c6 Ne4 51. Nxg4 Nd6 52. Kd4 Kxg4 53. Ke5 Nf7+ 54. Kf6 Nd6 55. Ke6 Nb5 56. d6 1-0

[Event "AUT-chT 2425"]
[Site "Austria"]
[Date "2024.10.11"]
[Round "3.3"]
[White "Peyrer, Konstantin"]
[Black "Ghosh, Diptayan"]
[Result "0-1"]
[WhiteElo "2415"]
[BlackElo "2566"]
[PlyCount "64"]
[EventDate "2024.10.09"]
[EventType "team-tourn"]
[EventRounds "11"]
[EventCountry "AUT"]
[SourceTitle "CB42_2024"]
[Source "ChessBase"]
[SourceDate "2024.10.16"]
[SourceVersion "1"]
[SourceVersionDate "2024.10.16"]
[SourceQuality "1"]
[WhiteTeam "Ottakring"]
[BlackTeam "Raika Feffernitz"]
[WhiteTeamCountry "AUT"]
[BlackTeamCountry "AUT"]

1. d4 d5 2. Nf3 Nf6 3. c4 e6 4. g3 Bb4+ 5. Bd2 a5 6. Bg2 0-0 7. Qc2 c5 8. cxd5 cxd4 9. Nxd4 Qb6 10. e3 exd5 11. 0-0 Nc6 12. Nxc6 bxc6 13. Rc1 Rb8 14. Nc3 h5 15. a3 Be7 16. Na4 Qc7 17. h4 Re8 18. Be1 Ba6 19. b3 Bb7 20. Nc5 Bc8 21. Qd3 Qa7 22. Na4 Ng4 23. Qc3 Bf6 24. Qxc6 Rxe3 25. Qc5 Qxc5 26. Nxc5 Bxa1 27. Rxa1 Re2 28. Bxd5 Re5 29. Rd1 Nf6 30. Bc4 Rxc5 31. Rd8+ Kh7 32. Bc3 Rxc4 0-1